<?xml version="1.0" encoding="UTF-8"?>
<collection xmlns="http://www.loc.gov/MARC21/slim">
 <record>
  <leader>00921nam a22002175a 4500</leader>
  <controlfield tag="001">EIQ.libpla000456</controlfield>
  <controlfield tag="008">060131s1982####ag#a#####b####100#0#spa#d</controlfield>
  <controlfield tag="005">20060516193159.0</controlfield>
  <datafield tag="245" ind1="1" ind2="0">
   <subfield code="a">Cuadernos :</subfield>
   <subfield code="b">aprovechamiento de la energía solar /</subfield>
   <subfield code="c">Comité Argentino de Transferencia de Calor y Materia (CAMAT).</subfield>
  </datafield>
  <datafield tag="260" ind1=" " ind2=" ">
   <subfield code="a">[Argentina] :</subfield>
   <subfield code="b">Comité Argentino de Transferencia de Calor y Materia (CAMAT),</subfield>
   <subfield code="c">1982.</subfield>
  </datafield>
  <datafield tag="300" ind1=" " ind2=" ">
   <subfield code="a">v, 174 p. :</subfield>
   <subfield code="b">il. ;</subfield>
   <subfield code="c">29 cm.</subfield>
  </datafield>
  <datafield tag="440" ind1=" " ind2="0">
   <subfield code="a">Camat ;</subfield>
   <subfield code="v">14</subfield>
  </datafield>
  <datafield tag="504" ind1=" " ind2=" ">
   <subfield code="a">Incluye referencias bibliograficas.</subfield>
  </datafield>
  <datafield tag="022" ind1=" " ind2=" ">
   <subfield code="a">0326-2731</subfield>
  </datafield>
  <datafield tag="111" ind1="2" ind2=" ">
   <subfield code="a">Seminario sobre Aprovechamiento de la Energía Solar</subfield>
   <subfield code="d">(1982 :</subfield>
   <subfield code="c">San Miguel, Buenos Aires)</subfield>
  </datafield>
  <datafield tag="710" ind1="2" ind2=" ">
   <subfield code="a">Comité Argentino de Transferencia de Calor y Materia (CAMAT)</subfield>
  </datafield>
  <datafield tag="246" ind1="1" ind2=" ">
   <subfield code="a">Cuadernos de Camat</subfield>
  </datafield>
  <datafield tag="650" ind1=" " ind2="4">
   <subfield code="a">Energia solar</subfield>
   <subfield code="x">Congresos.</subfield>
  </datafield>
  <datafield tag="650" ind1=" " ind2="4">
   <subfield code="a">Solar energy</subfield>
   <subfield code="x">Congresses.</subfield>
  </datafield>
  <datafield tag="040" ind1=" " ind2=" ">
   <subfield code="a">AR-BbSID</subfield>
   <subfield code="b">spa</subfield>
   <subfield code="c">AR-BbSID</subfield>
  </datafield>
  <datafield tag="859" ind1=" " ind2=" ">
   <subfield code="a">AR-BbSID</subfield>
   <subfield code="b">BIB. PLAPIQUI</subfield>
   <subfield code="h">536.2</subfield>
   <subfield code="i">C 735</subfield>
   <subfield code="p">3479</subfield>
  </datafield>
 </record>
</collection>
